Ασσυριολογία

Αποθηκεύτηκε σε:
Λεπτομέρειες βιβλιογραφικής εγγραφής
Κύριος συγγραφέας: Garelli, Paul
Άλλοι συγγραφείς: Ιατρού, Μαρία, 1957- (edtf), Λιανέρης, Νικήτας Ν. (Μεταφραστής)
Μορφή: Βιβλίο
Γλώσσα:Greek
French
Δημοσίευση: Αθήνα : Ινστιτούτο του Βιβλίου-Μ.Καρδαμίτσα, 1995.
Σειρά:Τί ξέρω; = Que sais-je? (Καρδαμίτσα)
Θέματα:
Ετικέτες: Προσθήκη ετικέτας
Δεν υπάρχουν, Καταχωρήστε ετικέτα πρώτοι!

MARC

LEADER 00000cam a2200000 i 4500
001 1/29056
008 021112s1995 gr | ||| |||| ||gre||
020 |a 9603540110  
035 |l 10068729  
040 |a GR-MyUa   |b gre   |e AACR2  
041 1 |a gre  |h fre 
082 7 |a 492.1   |2 (22)  
100 1 |a Garelli, Paul. 
245 1 0 |a Ασσυριολογία /   |c Paul Garelli ; μετάφραση: Νικήτας Λιανέρης ; φιλολογική επιμέλεια: Μαρία Ιατρού.  
260 |a Αθήνα :   |b Ινστιτούτο του Βιβλίου-Μ.Καρδαμίτσα,   |c 1995.  
300 |a 145 σ. ;   |c 18 εκ.  
490 1 |a (Τί ξέρω; =   |a Que sais-je? / Καρδαμίτσα) 
500 |a Τίτλος πρωτοτύπου: L' Assyriologie. 
650 0 |a Assyriology. 
700 1 |a Ιατρού, Μαρία,   |d 1957-  |e edtf 
700 1 |a Λιανέρης, Νικήτας Ν.  |e trl 
830 0 |a Τί ξέρω; = Que sais-je? (Καρδαμίτσα) 
852 |a INST  |b RHODES  |e 20021112  |h 492.1 GAR  |p 005400016133  |q 005400016133  |t BK  |y 0 
901 |a BIBL4-2003-1 
922 |a 4ΕΛΗ  |b 200210  |c Βιβλιοθήκη  |d ΔΕΝΤΡΟ 
950 |a 094-2002-10-05 
970 |a Κουλακιώτη  |b Λίτσα   |z 2003/01/27